00910nam a22002657a 450000500170000000800410001701000100005801100100006803500100007808200150008810000470010324500590015026000600020930000200026959000410028959000410033059000410037159000420041265000550045465000230050971000340053290100070056694900540057399900170062720220817043020.0971010s1987 r 00010 d a62784 a63756 a68039 a631.44bR800aRuíz Figueroa, José Feliciano.9100875 aUso y manejo de los tepetates para el desarrollo rural aChapingo, Méx. :bUACH. Departamento de Suelos,c1987 a220 p.b: ilus. aBATCH-UPDb10c20130110lUCH01h1209 aBATCH-UPDb10c20130410lUCH01h0749 aBATCH-UPDb10c20130914lUCH01h1146 aCONVERSIONb10c20130109lUCH01h133414aDesarrollo de la comunidad ruralzMéxico.93204014aTepetates.91123320 aUACH. Departamento de Suelos. aBK a631.44 R8bSRcLIBROd-143eLIBROh9971i68039si c62784d62784